Vita. Nemzeti kérdés nyugati vagy honos szemlélettel

Elmentve itt :
Bibliográfiai részletek
Szerző: BALOGH Edgár
Adatforrás:Meister
Forrásdokumentuma:8-9 sz., 1992, p.
Nyelv:magyar
Kulcsszavak:politikai publicisztika
nemzet
nemzet (politikai & kultúr-)
nacionalizmus
nemzetállam
GÁLL Ernő
MAGYARI Nándor László
LEADER 00539nab a2200193 i 4500
001 bibPRO00006518
008 060524s1992 xx hun
040 |a Sz1 
041 |a hun 
100 1 |a BALOGH Edgár 
245 1 0 |a Vita. Nemzeti kérdés nyugati vagy honos szemlélettel  |c BALOGH Edgár 
695 |a politikai publicisztika 
695 |a nemzet 
695 |a nemzet (politikai & kultúr-) 
695 |a nacionalizmus 
695 |a nemzetállam 
695 |a GÁLL Ernő 
695 |a MAGYARI Nándor László 
773 0 |g 8-9 sz., 1992, p.